| 000 | 00727nam a2200157 i 4500 | ||
|---|---|---|---|
| 001 | 160461 | ||
| 003 | ES-MaACL | ||
| 005 | 20230906212037.0 | ||
| 008 | 040928s1877 cu |||| | spa d | ||
| 100 | 1 |
_aMúzquiz, Joaquín María. _9130310 |
|
| 245 | 1 | 0 |
_aSociedad de San Vicente de Paúl _b: discurso pronunciado por Joaquín María Muzquiz, presidente del Consejo particular de la Habana, en la junta general del Buen Pastor, celebrada el dia 15 de abril de 1877. |
| 260 |
_aHabana : _bImp. y librería "El Iris", _c1877. |
||
| 300 |
_a8 p. ; _c22 cm. |
||
| 710 | 2 |
_aSociedad de San Vicente de Paúl (La Habana) _9134913 |
|
| 852 |
_aES-MaACL _jT-332-F-11 _z- Enc. hol. _q- Falto de cub. original _z- Enc. en un vol. facticio |
||
| 999 |
_c160461 _d160461 |
||